県庁所在地が駅名の途中に入る駅 - Statistics

General Stats
  • This quiz has been taken 179 times
  • The average score is 4 of 21
Answer Stats
駅名 % Correct
西新宿五丁目
70%
羽沢横浜国大
32%
梅小路京都西
31%
新富山口
27%
南富山駅前
26%
京阪大津京
21%
電鉄富山駅・エスタ前
19%
南鹿児島駅前
19%
学研奈良登美ヶ丘
17%
徳重・名古屋芸大
14%
西鉄福岡(天神)
14%
古高松南
12%
トヨタモビリティ富山 Gスクエア五福前(五福末広町)
12%
JR松山駅前
12%
オークスカナルパークホテル富山前
10%
龍谷富山高校前
10%
JA広島病院前
9%
林崎松江海岸
6%
茶山・京都芸術大学
5%
大江山口内宮
4%
西大寺町・岡山芸術創造劇場ハレノワ前
2%
No matching quizzes found
Score Distribution
Percent of People with Each Score
Percentile by Number Answered
Your Score History
You have not taken this quiz